Diccionario enciclopédico de las sectas

Saved in:
Bibliografiske detaljer
Hovedforfatter: Guerra Gómez, Manuel (autor)
Format: Bog
Sprog:spansk
Udgivet: Madrid BAC 2005
Udgivelse:4a. ed
Serier:Biblioteca de Autores Cristianos, Maior, 59
Fag:
Tags: Tilføj Tag
Ingen Tags, Vær først til at tagge denne postø!

MARC

LEADER 00000nam a2200000 a 4500
001 UCH0521
003 CL-VaPUC
008 090312e20050500SP |||||||||||||||||spa|d
020 |a 8479145609 
082 0 4 |a 289.1303  |b GUE  |2 21 
100 |a Guerra Gómez, Manuel  |e autor  |9 591728 
245 1 0 |a Diccionario enciclopédico de las sectas 
250 |a 4a. ed 
300 |a 1098 p 
942 |c BK 
945 |d 20090312 00:00:00  |a cmena 
260 |a Madrid  |b BAC  |c 2005 
650 0 |a Sectas  |9 320072 
650 0 |a Diccionarios  |9 256200 
650 0 |a Enciclopedias  |9 264135 
650 0 |a Creencia Religiosa  |9 316904 
583 |a last modification  |c 20090312 00:00:00  |k Rodrigo Vera 
490 0 |a Biblioteca de Autores Cristianos, Maior, 59 
999 |c 332815  |d 332813 
952 |0 0  |1 0  |4 0  |6 289_130300000000000_GUE_2005  |7 0  |8 X  |9 420795  |a BIBTEO  |b BIBTEO  |d 2019-11-22  |i 4524500  |o 289.1303 GUE 2005  |p 4524500  |r 2025-01-17  |w 2019-11-22  |y BK_X  |k ICR